000 01137nam a2200289 i 4500
003 EG-ScBUE
005 20250518094006.0
008 250429s1956 nyud f b 001 0 eng d
040 _aEG-ScBUE
_beng
_erda
_cEG-ScBUE
_dEG-ScBUE
082 0 4 _a532.5
_bDRY
_222
100 1 _aDryden, Hugh L.
_q(Hugh Latimer),
_d1898-1965,
_eauthor.
245 1 0 _aHydrodynamics /
_cHugh L. Dryden, Francis D. Murnaghan, H. Bateman.
264 1 _a[New York] :
_bDover Publications, INC.,
_c1956.
300 _a634, 15 pages :
_bdiagrams ;
_c21 cm
336 _2rdacontent
_atext
_btxt
337 _aunmediated
_2rdamedia
_bn
338 _avolume
_bnc
_2rdacarrier
500 _a"An unabridged and unaltered republication of the report of the Committee on Hydrodynamics, Division of Physical Sciences (Bulletin 84 of the National Research Council)"
500 _aIncludes appendix.
504 _aIncludes bibliographical references and index.
650 7 _aHydrodynamics.
_2BUEsh
655 _vReading book
700 1 _aMurnaghan, Francis D.,
_eauthor.
700 1 _aBateman, H.,
_eauthor.
942 _cBB
_2ddc
999 _c1749
_d1749